000 00747nam a2200229 i 4500
001 180700
003 ES-MaACL
005 20250812034937.0
008 120626q1957 sp a |||| | spa d
080 _a7.035
100 1 _aVirgili, Pablo.
_9150774
245 1 3 _aEl arte neoclásico y romántico /
_cPablo Virgili ; portada e ilustraciones de Chaco.
260 _aBarcelona :
_bEdiciones G.P.,
_c[ca. 1957]
300 _a64 p. :
_bil. ;
_c11 cm.
490 1 _aEnciclopedia pulga ;
_v301
650 7 _aArte neoclásico
_2embne
_9150779
650 4 _aRomanticismo (Arte)
_916948
700 1 _aChacopino Fabre, Joaquín.
_9150736
830 1 _aEnciclopedia pulga ;
_v301
_9191296
852 4 _aES-MaACL
_j2311-F-14
999 _c180700
_d180700